[Event "Montreal Pere Noel"]
[Site "Montreal"]
[Date "2011.12.26"]
[Round "1"]
[White "Luksza, Arkadiusz"]
[Black "Manailoiu, Dragos"]
[Result "0-1"]
[WhiteElo "2158"]
[BlackElo "1834"]
[PlyCount "232"]
[EventDate "2011.12.26"]
[EventType "swiss"]
[EventRounds "5"]
[EventCountry "CAN"]
[SourceTitle "EXT 2022"]
[Source "ChessBase"]
[SourceDate "2021.10.06"]
[SourceVersion "1"]
[SourceVersionDate "2021.10.06"]
[SourceQuality "1"]

1. d4 Nf6 2. Bg5 e6 3. e4 h6 4. Bxf6 Qxf6 5. Nf3 d5 6. e5 Qd8 7. Bd3 c5 8. c3 Nc6 9. 0-0 Qb6 10. Qd2 Bd7 11. Be2 Be7 12. Na3 f5 13. exf6 Bxf6 14. dxc5 Qxc5 15. Nc2 0-0 16. Rad1 Be8 17. Ne3 Bh5 18. Ne5 Bxe2 19. Nd7 Qd6 20. Nxf6+ Rxf6 21. Qxe2 Raf8 22. Ng4 Rf4 23. f3 h5 24. Nf2 h4 25. Nd3 R4f6 26. f4 Ne7 27. Qe5 Qa6 28. a3 Ng6 29. Qe3 Qc4 30. g3 hxg3 31. hxg3 b6 32. Qd4 Qc7 33. Rde1 Ne7 34. Ne5 Nf5 35. Qd3 Nd6 36. Ng4 Qc5+ 37. Kg2 Rf5 38. Rxe6 Ne4 39. Re5 Rxe5 40. Nxe5 Re8 41. c4 Nf6 42. Rd1 Rd8 43. Qg6 Qe7 44. cxd5 Nxd5 45. Kf3 Rd6 46. Qc2 Qe8 47. Qc4 Qh5+ 48. Ng4 Rd8 49. Rd2 Qh1+ 50. Rg2 Qd1+ 51. Kf2 Qxg4 52. Rg1 Qe6 53. Re1 Qf6 54. Re5 Qd6 55. g4 Qc5+ 56. Qxc5 bxc5 57. Kf3 Kf7 58. g5 c4 59. Ke4 Nb6 60. Rc5 g6 61. Rc6 Rc8 62. Rf6+ Kg7 63. Re6 Rc7 64. Kd4 Na4 65. Re2 Kf7 66. Rc2 Nb6 67. Re2 Re7 68. Rh2 Ke6 69. Re2+ Kd6 70. Rf2 Re1 71. f5 gxf5 72. Rxf5 Rg1 73. Ra5 Rg4+ 74. Kc3 Nd5+ 75. Kd2 Rg2+ 76. Kc1 Rxg5 77. Rxa7 Ke5 78. Ra4 Rg1+ 79. Kd2 Rg2+ 80. Kc1 Ne3 81. Ra8 Kd4 82. Rd8+ Kc5 83. Rc8+ Kb5 84. Rb8+ Kc5 85. Rc8+ Kd4 86. Rd8+ Nd5 87. Kb1 Rg6 88. Kc1 Rb6 89. Kc2 Rh6 90. Kc1 Rh1+ 91. Kc2 Rh2+ 92. Kc1 Ke4 93. Kb1 Rd2 94. Kc1 Rd4 95. Re8+ Kd3 96. Rd8 Ke2 97. Re8+ Ne3 98. Kb1 Rd1+ 99. Ka2 Kd2 100. Rd8+ Kc2 101. Rxd1 Nxd1 102. a4 Nxb2 103. a5 Na4 104. Ka3 Nc5 105. Kb4 Kd3 106. Kxc5 c3 107. a6 c2 108. Kb6 c1Q 109. Kb7 Qb2+ 110. Ka8 Qh8+ 111. Kb7 Qg7+ 112. Kb8 Qf8+ 113. Kb7 Qe7+ 114. Kb8 Qd8+ 115. Kb7 Qd5+ 116. Ka7 Qb5 0-1